| 000 | 00437cam a22001217a 4500 | ||
|---|---|---|---|
| 008 | 180718b2014 xxu||||| |||| 00| 0 eng d | ||
| 082 | _aL906x5444 C/P | ||
| 245 |
_aReport of the comptroller and auditor general of India on performance audit of Mahatma Gandhi National Rural Employment Guarantee Scheme _cBy Government of Karnataka |
||
| 260 |
_aBangalore _bAuthor _c2014 |
||
| 300 | _a134p. | ||
| 440 | _ano.7 | ||
| 650 | _aPerformance audit | ||
| 999 |
_c502868 _d502868 |
||